Безтілесна людина (Запис № 580695)

МАРК-запис
000 -Лідер
fixed length control field 01112 a2200277 4500
001 - Контрольний номер
control field 2162214035926813
003 - Ідентифікатор контрольного номера
control field UA-OsUOA
005 - Дата та час останнього входження (трансакції)
control field 20260513125040.0
008 - Елементи даних фіксованої довжини – загальна інформація
fixed length control field 260513b un ||||| |||| 00| f ukr d
020 ## - Міжнародний стандартний книжковий номер (ISBN)
Міжнародний стандартний книжковий номер (ISBN) (НП) 5772007467
040 ## - Джерело каталогізації
Агенція оригінальної каталогізації UA-OsUOA
Мова каталогізації ukr
Агенція, яка здійснювала перезапис UA-OsUOA
Агенція, яка здійснювала модифікацію UA-OsUOA
041 ## - Код мови
Код мови тексту/ звукової доріжки чи окремого заголовка (П) ukr
080 ## - Індекс Універсальної десяткової класифікації
Індекс Універсальної десяткової класифікації (УДК) (НП) 821.161.2(73)
090 ## - Локальний шифр розміщення
Класифікаційний індекс УДК 821.161.2(73)
Авторський знак (НП) К26
100 ## - Основне введення – ім’я особи
Ім’я особи (НП) Карр Д. Д.
9 (RLIN) 25225
245 ## - Відомості про назву
Назва (НП) Безтілесна людина
Решта назви (НП) роман
Дані про відповідальність (НП) з англ. перекл. Андрій Єзса
260 ## - Публікація, розповсюдження і т.п. (Вихідні дані)
Ім’я/ наймення видавництва, розповсюджувача і т.п. (П) Молодь
Дата публікації, розповсюдження і т.п. (П) 1991
Місце публікації, розповсюдження і т.п. (П) Київ
300 ## - Фізичний опис
Обсяг 176 с.
490 ## - Область серії
Назва серії Детектив-Пригоди-Фантастика
520 ## - Резюме і т.п.
Резюме, реферат, анотація, тощо (НП) Оригінальна варіація визнаного майстра детективного жанру на класичну тему "вбиство у замкненій кімнаті".
651 ## - Додаткове предметне введення – географічна назва
Географічна назва 82 Література. Літературознавство
9 (RLIN) 25226
700 1# - Додаткове введення – ім'я особи
Ім’я особи (НП) Єзса А.
9 (RLIN) 25227
942 ## - Додаткові елементи входу (Коха)
Тип елемента Koha Книги
Source of classification or shelving scheme Universal Decimal Classification
955 ## - Код типу видання за змістом
Код типу видання за змістом (НП) Літературно-художні видання
Фонди
Стан вилучень Стан втрат Джерело класифікації або схеми стелажів Стан уражень Не для кредиту Код колекції Постійне місце розташування Поточне розміщення Дата придбання Джерело придбання Вартість, звичайна ціна покупки Інвентарний номер Усього замовленно Повний номер виклику Штрих-код Дата останнього перегляду Вартість, ціна заміни Ціна ефективна від Тип елемента Koha
    Universal Decimal Classification     Колекція Шевчука Валерія АБ - Абонемент НБ АБ - Абонемент НБ 13/05/2026 Акт №24/28.04.2026 15.00 169930   821.161.2(73) К26 169930 13/05/2026 15.00 13/05/2026 Книги